• 首页
  • 本馆介绍
  • 公告通知
  • 最新文献
  • 馆藏检索
  • 电子资源
  • 读者导购
  • 参考咨询
  • 我的图书馆
  • 登录
  • 详细信息显示
  • 放入我的书架
  • 预约/预借图书
  • 作者相关作品
  • 分类相关作品
  • 丛书相关作品
  • 出版社相关作品

书目信息

  • 表格格式
  • 工作单格式
  • 卡片格式
题名:
河蟹营养需求与饲料配制技术
    
 
作者: 刘立鹤 主编
分册:  
出版信息: 北京   化学工业出版社  2016.04
页数: 318页
开本: 21cm
丛书名: 水产营养需求与饲料配制技术丛书
单 册:
中图分类: S966.16
科图分类:
主题词: 养蟹--营养学 , 养蟹--饲料--配制
电子资源:
ISBN: 978-7-122-26429-9
000 01094oam2 2200253 450
001 4612
005 20181012141535.97
010    @a978-7-122-26429-9@dCNY29.80
100    @a20160518d2016 em y0chiy50 ea
101 0  @achi
102    @aCN@b110000
105    @aa z 000yy
200 1  @a河蟹营养需求与饲料配制技术@9he xie ying yang xu qiu yu si liao pei zhi ji shu@b专著@f刘立鹤主编
210    @a北京@c化学工业出版社@d2016.04
215    @a318页@c图@d21cm
225 1  @a水产营养需求与饲料配制技术丛书
330    @a本书着重从河蟹的营养需求及饲料配制技术入手,阐述我国河蟹养殖现状、市场需求及发展趋势,在讲解河蟹生物学特征、生态习性的基础上,针对河蟹养殖的新技术、新模式,详细介绍了不同生长阶段河蟹的营养需求、河蟹饲料种类与饲喂技术、河蟹饲料配方中常用原料、河蟹饲料的配方设计、河蟹饲料加工工艺及饲料品质控制、河蟹饲料研究应用现存问题及发展方向等内容。
461  0 @12001 @a水产营养需求与饲料配制技术丛书
606 0  @a养蟹@x营养学
606 0  @a养蟹@x饲料@x配制
690    @aS966.16@v5
701  0 @a刘立鹤@9liu li he@4主编
801  0 @aCN@b91MARC@c20160613
905    @aMuseLib@dS966.16@e52
    
    河蟹营养需求与饲料配制技术/刘立鹤主编.-北京:化学工业出版社,2016.04
    318页:图;21cm.-(水产营养需求与饲料配制技术丛书)
    
    
    ISBN 978-7-122-26429-9:CNY29.80
    本书着重从河蟹的营养需求及饲料配制技术入手,阐述我国河蟹养殖现状、市场需求及发展趋势,在讲解河蟹生物学特征、生态习性的基础上,针对河蟹养殖的新技术、新模式,详细介绍了不同生长阶段河蟹的营养需求、河蟹饲料种类与饲喂技术、河蟹饲料配方中常用原料、河蟹饲料的配方设计、河蟹饲料加工工艺及饲料品质控制、河蟹饲料研究应用现存问题及发展方向等内容。
●
相关链接 在E读中查询图书 在五车中查询图书 在当当中查询图书 在豆瓣中查询图书


正题名:河蟹营养需求与饲料配制技术     索取号:S966.16/52         预约/预借

序号 登录号 条形码 馆藏地/架位号 状态 备注
1 1125971   211259715   第二样本阅览室/ [索取号:S966.16/52] 在馆    
2 1125972   211259724   第三借阅区/ [索取号:S966.16/52] 在馆    
3 1125973   211259733   第三借阅区/ [索取号:S966.16/52] 在馆    
4 1125974   211259742   第三借阅区/ [索取号:S966.16/52] 在馆    
5 1125975   211259751   密集书库-生命科学系/ [索取号:S966.16/52] 在馆    
唐山师范学院图书馆 欢迎您!
大连网信软件有限公司© 版权所有